Alternate Russia Flag (Based of Ideologies) - Statistics

General Stats
  • This quiz has been taken 29 times
  • The average score is 8 of 12
Answer Stats
Picture Answer % Correct
Communist Russia
100%
Anarchist Russia
85%
Fascist Russia
85%
Socialist Russia
85%
Democratic Russia
81%
Monarchist Russia
78%
Theocratic Russia
78%
Imperial Russia
67%
Syndicalist Russia
56%
Technocratic Russia
48%
Unionist Russia
26%
Populist Russia
19%
No matching quizzes found
Score Distribution
Percent of People with Each Score
Percentile by Number Answered
Your Score History
You have not taken this quiz